Algebra y trigonometría con geometría analítica
Guardado en:
| Autores principales: | , |
|---|---|
| Formato: | Libro |
| Lenguaje: | español |
| Publicado: |
Ciudad de México
Iberoamérica
1996
|
| Edición: | 3a. ed |
| Materias: | |
| Etiquetas: |
Agregar Etiqueta
Sin Etiquetas, Sea el primero en etiquetar este registro!
|
MARC
| LEADER | 00000nam a2200000 a 4500 | ||
|---|---|---|---|
| 001 | UCT5390 | ||
| 003 | CL-VaPUC | ||
| 008 | 961206e19960000MX |||||||||||||||||spa|d | ||
| 082 | 0 | 4 | |a 512 |b SWO |2 21 |
| 100 | 0 | |a Swokowski, Earl William |e author |9 374837 | |
| 700 | 0 | |a Cole, Jeffery A |e author |9 374838 | |
| 245 | 1 | 0 | |a Algebra y trigonometría con geometría analítica |
| 250 | |a 3a. ed | ||
| 300 | |a 836 p | ||
| 942 | |c BK | ||
| 945 | |d 19961206 00:00:00 |a rleighto | ||
| 260 | |a Ciudad de México |b Iberoamérica |c 1996 | ||
| 650 | 0 | |a Álgebra |9 259567 | |
| 650 | 0 | |a Geometría analítica |9 260062 | |
| 650 | 0 | |a Trigonometría |9 259568 | |
| 650 | 0 | |a Funciones |9 263869 | |
| 650 | 0 | |a Funciones exponenciales |9 360716 | |
| 650 | 0 | |a Funciones logarítmicas |9 358858 | |
| 583 | |a last modification |c 20171220 11:37:40 |k Rodrigo Vera | ||
| 999 | |c 254331 |d 254329 | ||
| 952 | |0 0 |1 0 |4 0 |6 512_000000000000000_SWO_1996 |7 0 |8 A |9 275941 |a BIBING |b BIBING |d 2019-11-19 |i 3257703 |o 512 SWO 1996 |p 3257703 |r 2023-03-02 |w 2019-11-19 |y BK |k EII | ||
| 952 | |0 0 |1 0 |4 0 |6 512_000000000000000_SWO_1996 |7 0 |8 A |9 275945 |a BIBING |b BIBING |d 2019-11-19 |i 3257746 |o 512 SWO 1996 |p 3257746 |r 2023-03-02 |w 2019-11-19 |y BK |k EIE | ||
| 952 | |0 0 |1 0 |4 0 |6 512_000000000000000_SWO_1996 |7 0 |8 A |9 275946 |a BIBING |b BIBING |d 2019-11-19 |i 2010569 |o 512 SWO 1996 |p 2010569 |r 2023-03-02 |w 2019-11-19 |y BK |k EIE | ||
| 952 | |0 0 |1 0 |4 0 |6 512_000000000000000_SWO_1996 |7 0 |8 A |9 275947 |a BIBMAT |b BIBMAT |d 2019-11-19 |i 3415023 |o 512 SWO 1996 |p 3415023 |r 2025-01-07 |w 2019-11-19 |y BK |k MAT | ||
| 952 | |0 0 |1 0 |4 0 |6 512_000000000000000_SWO_1996 |7 0 |8 A |9 275948 |a BIBMAT |b BIBMAT |d 2019-11-19 |i 3415031 |o 512 SWO 1996 |p 3415031 |r 2025-01-07 |w 2019-11-19 |y BK |k MAT | ||